Webster's New World dictionary of the American language / (Record no. 7008)

MARC details
000 -LEADER
fixed length control field 00821cam a2200253 i 4500
001 - CONTROL NUMBER
control field 4581776
003 - CONTROL NUMBER IDENTIFIER
control field GBCCL
005 - DATE AND TIME OF LATEST TRANSACTION
control field 20241126110617.0
008 - FIXED-LENGTH DATA ELEMENTS--GENERAL INFORMATION
fixed length control field 760813s1976 ohua d 000 0 eng
010 ## -
-- 75039572
020 ## - INTERNATIONAL STANDARD BOOK NUMBER
International Standard Book Number 0529053241
040 ## - CATALOGING SOURCE
Original cataloging agency DLC
Transcribing agency DLC
Modifying agency DLC
050 00 -
-- PE1625
-- .W34 1976
082 00 - DEWEY DECIMAL CLASSIFICATION NUMBER
Classification number 423
Item number WEB
245 00 - TITLE STATEMENT
Title Webster's New World dictionary of the American language /
Statement of responsibility, etc. David B. Guralnik, editor in chief.
250 ## - EDITION STATEMENT
Edition statement 2d college ed.
260 ## - PUBLICATION, DISTRIBUTION, ETC.
Place of publication, distribution, etc. Cleveland :
Name of publisher, distributor, etc. Collins+World,
Date of publication, distribution, etc. c1976.
300 ## - PHYSICAL DESCRIPTION
Extent xxxvi, 1692 p. :
Other physical details ill. ;
Dimensions 26 cm.
650 #0 - SUBJECT ADDED ENTRY--TOPICAL TERM
Topical term or geographic name entry element English language
General subdivision Dictionaries.
9 (RLIN) 12452
650 #0 - SUBJECT ADDED ENTRY--TOPICAL TERM
Topical term or geographic name entry element Americanisms
General subdivision Dictionaries.
9 (RLIN) 12453
700 1# - ADDED ENTRY--PERSONAL NAME
Personal name Guralnik, David B.
Fuller form of name (David Bernard),
Dates associated with a name 1920-2000.
9 (RLIN) 12454
906 ## - LOCAL DATA ELEMENT F, LDF (RLIN)
a 7
b cbc
c orignew
d 2
e ocip
f 19
g y-gencatlg
942 ## - ADDED ENTRY ELEMENTS (KOHA)
Source of classification or shelving scheme Dewey Decimal Classification
Koha item type Reference Books
Holdings
Withdrawn status Lost status Source of classification or shelving scheme Damaged status Not for loan Home library Current Library Shelving location Date acquired Total checkouts Full call number Barcode Date last seen Copy number Price effective from Koha item type
    Dewey Decimal Classification     GRACE BIBLE COLLEGE GRACE BIBLE COLLEGE Dictionary 2018-07-05   423 WEB 000948 2025-05-01 c.1 2018-07-05 Reference Books
© Grace Bible College Library 2025